Química física

Salvato in:
Dettagli Bibliografici
Autore principale: Moore, Walter J. (autor)
Natura: Libro
Lingua:spagnolo
Pubblicazione: Barcelona Manuel Marín 1953
Soggetti:
Tags: Aggiungi Tag
Nessun Tag, puoi essere il primo ad aggiungerne!!

MARC

LEADER 00000nam a2200000 a 4500
001 UCT4345
003 CL-VaPUC
008 961112e19530000SP |||||||||||||||||spa|d
082 0 4 |a 541.3  |b MOO  |2 21 
100 |a Moore, Walter J.  |e autor  |9 373629 
245 1 0 |a Química física 
300 |a 542 p 
942 |c BK 
945 |d 19961112 00:00:00  |a cmena 
260 |a Barcelona  |b Manuel Marín  |c 1953 
650 0 |a Termodinámica   |9 259320 
650 7 |a CALORIMETRIA  |2 CL-VaPUC  |9 360146 
650 0 |a Calor específico  |9 259409 
650 0 |a Gases  |9 260945 
650 7 |a EQUILIBRIOS QUIMICOS  |2 CL-VaPUC  |9 336637 
650 0 |a Cinética  |9 260943 
650 0 |a Electroquímica  |9 263973 
650 7 |a IONES  |2 CL-VaPUC  |9 337399 
650 0 |a Átomos  |9 259583 
650 0 |a Estructura atómica   |9 259944 
650 0 |a Moléculas   |9 259584 
650 0 |a Estados de la Materia  |9 347141 
650 0 |a Sólidos  |9 260188 
650 0 |a Líquidos  |9 260946 
650 0 |a Polímeros  |9 271736 
650 7 |a RADIACTIVIDAD  |2 CL-VaPUC  |9 354956 
650 7 |a QUIMICA NUCLEAR  |2 CL-VaPUC  |9 373630 
583 |a last modification  |c 19961112 00:00:00  |k Rodrigo Vera 
999 |c 253744  |d 253742 
952 |0 0  |1 0  |4 0  |6 541_300000000000000_MOO_1953  |7 0  |8 A  |9 274806  |a BIBCUR  |b BIBCUR  |d 2019-11-19  |i 1785508  |o 541.3 MOO 1953  |p 1785508  |r 2025-04-22  |w 2019-11-19  |y BK  |k QUI